ბათუმის შოთა რუსთაველის სახელმწიფო უნივერსიტეტის ბიბლიოთეკა

ჩანაწერი Topical Term

ჩანაწერთა რაოდენობა, რომელიც გამოყენებულია: 4

001 - CONTROL NUMBER

  • control field: 14325

003 - CONTROL NUMBER IDENTIFIER

  • control field: GE_BSU

005 - DATE AND TIME OF LATEST TRANSACTION

  • control field: 20220708112559.0

008 - FIXED-LENGTH DATA ELEMENTS

  • fixed length control field: 220708|| aca||aabn | a|a d

040 ## - CATALOGING SOURCE

  • Original cataloging agency: GE_BSU
  • Transcribing agency: GE_BSU

150 ## - HEADING--TOPICAL TERM

  • Topical term or geographic name entry element: Algebraic topology.

670 ## - SOURCE DATA FOUND

  • Source citation: Work cat.: (GE_BSU)0: Dold, A. (Albrecht), 1928- 14323, Lectures on algebraic topology /, c1995.